书目信息 |
| 题名: |
保险中介教程
|
|
| 作者: | 江生忠 , 邵全权 主编 | |
| 分册: | ||
| 出版信息: | 北京 对外经济贸易大学出版社 2013 |
|
| 页数: | 503页 | |
| 开本: | 23cm | |
| 丛书名: | ||
| 单 册: | ||
| 中图分类: | F842.4 | |
| 科图分类: | ||
| 主题词: | 保险业--中介组织--中国--高等学校--教材 , 保险业 , 中介组织 | |
| 电子资源: | ||
| ISBN: | 978-7-5663-0613-5 | |
| 000 | 01114nam0 22002891 450 | |
| 001 | 524 | |
| 005 | 20140909165825.56 | |
| 010 | @a978-7-5663-0613-5@dCNY59.00 | |
| 100 | @a20130723d2013 em y0chiy50 ea | |
| 101 | 0 | @achi |
| 102 | @aCN@b110000 | |
| 105 | @ay z 000yy | |
| 106 | @ar | |
| 200 | 1 | @a保险中介教程@ABao Xian Zhong Jie Jiao Cheng@f江生忠,邵全权主编@FJiang Sheng Zhong, Shao Quan Quan Zhu Bian |
| 205 | @a3版 | |
| 210 | @a北京@c对外经济贸易大学出版社@d2013 | |
| 215 | @a503页@d23cm | |
| 300 | @a全国高等院校保险学主干课程“十二五”规划教材 | |
| 330 | @a本书分为理论部分与实务部分。理论部分包括保险中介概述、保险中介的经济学基础、保险中介的作用、客户研究与数据挖掘在保险中介的应用、保险中介监管共五章内容;实务部分包括保险代理、保险经纪人、保险公估人以及其他保险中介形式六章内容。 | |
| 606 | 0 | @a保险业@x中介组织@y中国@x高等学校@j教材 |
| 606 | 0 | @a保险业 |
| 606 | 0 | @a中介组织 |
| 690 | @aF842.4@v5 | |
| 701 | 0 | @a江生忠@AJiang Sheng Zhong@f(1958~)@4主编 |
| 701 | 0 | @a邵全权@AShao Quan Quan@f(1980~)@4主编 |
| 801 | 0 | @aCN@bTANGWEI@c20140603 |
| 905 | @b0837468-70@dF842.4@e98=3@f3 | |
| 保险中介教程/江生忠,邵全权主编.-3版.-北京:对外经济贸易大学出版社,2013 |
| 503页;23cm |
| 全国高等院校保险学主干课程“十二五”规划教材 |
| ISBN 978-7-5663-0613-5:CNY59.00 |
| 本书分为理论部分与实务部分。理论部分包括保险中介概述、保险中介的经济学基础、保险中介的作用、客户研究与数据挖掘在保险中介的应用、保险中介监管共五章内容;实务部分包括保险代理、保险经纪人、保险公估人以及其他保险中介形式六章内容。 |
| ● |
| 相关链接 |
|
|
|
|
正题名:保险中介教程
索取号:F842.4/98=3
 
预约/预借
| 序号 | 登录号 | 条形码 | 馆藏地/架位号 | 状态 | 备注 |
| 1 | 0837468 | 208374686 | 第一样本阅览室/ [索取号:F842.4/98=3] | 在馆 | |
| 2 | 0837469 | 208374695 | 第一借阅区/ [索取号:F842.4/98=3] | 在馆 | |
| 3 | 0837470 | 208374702 | 密集书库-海洋学院/ [索取号:F842.4/98=3] | 在馆 |